Vista normal
Vista MARC
Entrada Topical Term
Número de registros utilizados en: 1
001 - CONTROL NUMBER
- control field: 39283
003 - CONTROL NUMBER IDENTIFIER
- control field: OSt
005 - DATE AND TIME OF LATEST TRANSACTION
- control field: 20210811135006.0
008 - FIXED-LENGTH DATA ELEMENTS
- fixed length control field: 210811|| aca||aabn | a|a d
040 ## - CATALOGING SOURCE
- Original cataloging agency: OSt
- Transcribing agency: OSt
150 ## - HEADING--TOPICAL TERM
- Topical term or geographic name entry element: Mercado de capitales
- Form subdivision: Congresos, conferencias, etc.
- Geographic subdivision: Colombia
670 ## - SOURCE DATA FOUND
- Source citation: Work cat.: (OSt)8331: 16188, I Congreso Nacional de Mercado de Capitales Bogotá, noviembre 4 y 5 de 1999 : , 1999